San Francisco de Asís
Gespeichert in:
| 1. Verfasser: | |
|---|---|
| Format: | Buch |
| Sprache: | Spanisch |
| Veröffentlicht: |
Madrid
Akal
2003
|
| Ausgabe: | 1a. ed |
| Schriftenreihe: | Akal Universitaria, 225
|
| Schlagworte: | |
| Tags: |
Tag hinzufügen
Keine Tags, Fügen Sie den ersten Tag hinzu!
|
MARC
| LEADER | 00000nam a2200000 a 4500 | ||
|---|---|---|---|
| 001 | UCJ9655 | ||
| 003 | CL-VaPUC | ||
| 008 | 070330e20030000SP |||||||||||||||||spa|d | ||
| 020 | |a 8446015110 | ||
| 082 | 0 | 4 | |a 922.22 |b LEG |2 21 |
| 100 | |a Le Goff, Jacques |e author |9 322549 | ||
| 245 | 1 | 0 | |a San Francisco de Asís |
| 250 | |a 1a. ed | ||
| 300 | |a 152 p | ||
| 942 | |c BK | ||
| 945 | |d 20070330 00:00:00 |a cmena | ||
| 260 | |a Madrid |b Akal |c 2003 | ||
| 600 | 0 | 7 | |a SAN FRANCISCO DE ASIS |2 CL-VaPUC |9 342281 |
| 650 | 0 | |a Biografías |9 255210 | |
| 650 | 0 | |a Historia medieval |9 258042 | |
| 650 | 0 | |a Historia de la iglesia |9 257565 | |
| 650 | 0 | |a Espiritualidad |9 267331 | |
| 583 | |a last modification |c 20070330 00:00:00 |k Rodrigo Vera | ||
| 490 | 0 | |a Akal Universitaria, 225 | |
| 999 | |c 325075 |d 325073 | ||
| 952 | |0 0 |1 0 |4 0 |6 922_220000000000000_LEG_2003 |7 0 |8 A |9 405639 |a BIBHIS |b BIBHIS |d 2019-11-22 |i 4326776 |l 1 |o 922.22 LEG 2003 |p 4326776 |r 2025-01-20 |s 2024-07-09 |w 2019-11-22 |y BK |k HIS | ||